000 00503nam a2200193Ia 4500
008 240510s9999 xx 000 0 und d
020 _a0003540678581
041 _aEng
082 _a004.3
082 _bL15
100 _aCarter, L(et-al)(Eds.)
245 0 _aLanguages and compilers for parallel computing :Lecture notes in computer science:Proceedings
260 _bSpringer: Tokyo
260 _c1999
300 _a497 p.
650 _aparellel computing :
942 _2ddc
942 _cRBK
999 _c27718
_d27718
945 _a1
_bMadushi Gamage
_c1
_dMadushi Gamage